| 000 | 01025nas a2200301 4500 | ||
|---|---|---|---|
| 001 | BR8602826 | ||
| 003 | BR-BrBNA | ||
| 005 | 20231205090512.0 | ||
| 007 | ta | ||
| 008 | 230509b bl.|||p| |||| 00| 00por d | ||
| 040 |
_aBR-BrBNA _bpor _cBiblioteca Nacional de Agricultura |
||
| 041 | _a(Pt) | ||
| 072 | _aP35; P33 | ||
| 100 | 1 | _aCaballero, S.S.U. | |
| 100 | 1 | _aLibardi, P.L. | |
| 100 | 1 | _aReichardt, K. | |
| 100 | 1 | _aMoraes, S.O. | |
| 100 | 1 | _aVictoria, R.L. | |
| 245 | 1 | _aLixiviacao do nitrogenio proveniente do solo e do fertilizante (15NH4)2SO4 durante o ciclo de uma cultura de feijao | |
| 246 | 1 | _aLeaching of nitrogen derived from the soil and from (15NH4)2S04 fertilizer during the growth cycle of bean plants | |
| 650 | _aFEIJAO | ||
| 650 | _aNITROGENIO | ||
| 650 | _aLIXIVIACAO | ||
| 650 | _aSULFATO DE AMONIA | ||
| 773 | 0 |
_tPesquisa Agropecuaria Brasileira (Brazil) _xISSN 0100-204X _g(Jan 1986), v. 21(1) p. 25-31 _wBR8602826 |
|
| 909 |
_a202311 _bLúcia _c55 _dLúcia Elande |
||
| 942 |
_2AGRIS _n0 _cANA |
||
| 999 |
_c118886 _d118886 |
||